000
00285nam a22001097a 4500
082
_a
001
100
_a
GKP
_9
82892
245
_a
Study Guide SBI-PO Recruitment Examination Phase I & II
260
_a
New Delhi
_b
Gk Publication
_c
2024
650
_a
General Studies
_9
276
942
_c
C. BOOKS
999
_c
67609
_d
67609